Lipids and their oxidation

Uloženo v:
Podrobná bibliografie
Hlavní autoři: Schultz, H. W (Autor), Day, E. A (Autor), Sinnhuber, R. O (Autor)
Médium: Kniha
Jazyk:angličtina
Vydáno: Westport Avi 1962
Edice:Avi Books on Food Processing
Témata:
Tagy: Přidat tag
Žádné tagy, Buďte první, kdo vytvoří štítek k tomuto záznamu!

MARC

LEADER 00000nam a2200000 a 4500
001 UCU7316
003 CL-VaPUC
005 20230531074430.0
008 960628e19620000us 1 eng d
082 0 4 |a 664.07  |b SCH  |2 21 
100 1 |a Schultz, H. W  |e author  |9 617904 
700 1 |a Day, E. A  |e author  |9 617905 
700 1 |a Sinnhuber, R. O  |e author  |9 617906 
245 1 0 |a Lipids and their oxidation 
260 |a Westport  |b Avi  |c 1962 
300 |a 442 p 
490 0 |a Avi Books on Food Processing 
583 |a last modification  |c 19960628 00:00:00  |k Rodrigo Vera 
650 0 7 |a TECNOLOGIA DE ALIMENTOS  |2 CL-VaPUC  |9 617907 
650 0 0 |a Lípidos   |9 306890 
650 0 0 |a Contaminación de alimentos  |9 259640 
650 0 0 |a Análisis de alimentos  |9 361130 
650 0 7 |a PECES  |2 CL-VaPUC  |9 617908 
650 0 0 |a Leche  |9 259848 
650 0 0 |a Productos lácteos   |9 259521 
650 0 0 |a Carne  |9 259507 
650 0 0 |a Aceites comestibles  |9 364853 
942 |c BK 
945 |a paguirre  |d 19960628 00:00:00 
546 |a En Inglés 
518 |p Symposium on Foods: Lipids and Their Oxidation, Oregon, 11 al 13 de Septiembre de 1961 
999 |c 382697  |d 382695 
952 |0 0  |1 0  |4 0  |6 664_070000000000000_SCH_1962  |7 0  |8 A  |9 504516  |a BIBING  |b BIBING  |d 2020-01-23  |i 1698230  |o 664.07 SCH 1962  |p 1698230  |r 2025-01-20  |w 2020-01-23  |y BK  |k EIB 
952 |0 0  |1 0  |4 0  |6 664_070000000000000_SCH_1962  |7 0  |8 A  |9 504518  |a BIBALI  |b BIBALI  |c GEN  |d 2020-01-23  |i 1974580  |o 664.07 SCH 1962  |p 1974580  |r 2025-01-20  |w 2020-01-23  |y BK  |k ALI 
952 |0 0  |1 0  |4 0  |6 664_070000000000000_SCH_1962  |7 0  |8 CCM  |9 504519  |a BIBCUR  |b BIBCUR  |d 2020-01-23  |i 197453K  |o 664.07 SCH 1962  |p 197453K  |r 2025-04-22  |w 2020-01-23  |y BK  |k CIM